An explanation of ancient terms and measures of land (Record no. 113959)

MARC details
000 -LEADER
fixed length control field 00645cam a22001815a 4500
001 - CONTROL NUMBER
control field L155982
008 - FIXED-LENGTH DATA ELEMENTS--GENERAL INFORMATION
fixed length control field 120424s1874 xxk f 000 0 eng d
035 ## - SYSTEM CONTROL NUMBER
System control number (Sirsi) u155982
041 0# - LANGUAGE CODE
Language code of text/sound track or separate title eng
100 1# - MAIN ENTRY--PERSONAL NAME
Personal name Hore, Philip Herbert
245 03 - TITLE STATEMENT
Title An explanation of ancient terms and measures of land
Remainder of title with some account of old tenures
Statement of responsibility, etc. Collected and comp. from various sources, and arranged in alphabetical order, by Philip H. Hore
260 ## - PUBLICATION, DISTRIBUTION, ETC.
Place of publication, distribution, etc. London
Name of publisher, distributor, etc. B. M. Pickering
Date of publication, distribution, etc. 1874
300 ## - PHYSICAL DESCRIPTION
Extent 72 p.
Dimensions 23 cm.
583 ## - ACTION NOTE
Action Condition reviewed
Time/date of action 20120620
Status condition level 1
651 #4 - SUBJECT ADDED ENTRY--GEOGRAPHIC NAME
Geographic name Great Britain
Chronological subdivision 1707-
690 ## - LOCAL SUBJECT ADDED ENTRY--TOPICAL TERM (OCLC, RLIN)
Topical term or geographic name as entry element Land use
9 (RLIN) 6251
942 ## - ADDED ENTRY ELEMENTS (KOHA)
Suppress in OPAC 0
Holdings
Withdrawn status Lost status Source of classification or shelving scheme Damaged status Not for loan Home library Current library Shelving location Date acquired Total Checkouts Full call number Barcode Date last seen Copy number Price effective from Koha item type
    Dewey Decimal Classification     Historic collection Historic collection Historic collection 24/04/2012   OCTAVO 1874 HORE 30077859 06/08/2019 1 06/08/2019 Book